Rocznik 2003 dzieciństwo (200 odpowiedzi) - Statystyki

Ogólne statystyki
  • Ten quiz został rozwiązany 52 razy
  • Średni wynik to 10 z 200
Statystyki odpowiedzi
Hint Odpowiedź % Poprawnych
Film Barbie
42%
Bajka Monster High
33%
Youtuber Rezi
33%
Serial Hannah Montana
28%
Gra Minecraft
28%
Bajka Smerfy
28%
Youtuber Stuu
23%
Bajka Ben Ten
19%
Picie Jupik
19%
Bajka My little pony
19%
Strona Nasza Klasa
19%
Serial Violetta
19%
Zabawka Furby
16%
Bajka Gumisie
16%
Bajka Teletubisie
16%
Gazetka Bravo
14%
Zabawka Lps
14%
Gra Moviestarplanet
14%
Film Shrek
14%
Bajka Winx
14%
Muzyka Ewelina Lisowska
12%
Picie Frugo
12%
Strona Gry.pl
12%
Serial Icarly
12%
Jedzenie Maczugi
12%
Bajka Niesamowity Świat Gumballa
12%
Gra Ogień i Woda
12%
Serial Powodzenia Charlie
12%
Serial Soy Luna
12%
Strona Wyspa Gier
12%
Serial Big time rush
9%
Gra Hugo
9%
Piosenka Nie ma nas
9%
Gra Pou
9%
Serial Sam i Cat
9%
Bajka Świnka Peppa
9%
Muzyka Sylwia Grzeszczak
9%
Bajka Tabaluga
9%
Serial Taniec rządzi
9%
Bajka Witch
9%
Film Auta
7%
Muzyk Enej
7%
Muzyk Ewa Farna
7%
Jedzenie Guma Turbo
7%
Film Madagaskar
7%
Muzyk One direction
7%
Bajka Pan Robótka
7%
Bajka Pora na przygodę
7%
Serial Power Rangers
7%
Bajka Pszczółka Maja
7%
Picie Roko
7%
Bajka Scooby doo
7%
Gra Subway Surfers
7%
Bajka/Zabawka Bakugan
5%
Youtuber Banshee
5%
Jedzenie Bigmilk
5%
Gra Bomb it
5%
Zabawka Bransoletki z gumek
5%
Bajka Chowder
5%
Serial Czarodzieje z Weverly Place
5%
Bajka Dobranocny ogród
5%
Bajka Flinstonowie
5%
Piosenka Gangnam Style
5%
Youtuber Gargamel
5%
Serial Grzmotomocni
5%
Zabawka Hot Wheels
5%
Youtuber Idelti
5%
Youtuber Jdąbrowski
5%
Bajka Kim Kolwiek
5%
Bajka Klub Myszki Miki
5%
Zabawki Lego Friends
5%
Bajka Marta Mówi
5%
Youtuber Minecraftblow
5%
Aplikacja Musically
5%
Serial Nie ma to jak hotel
5%
Bajka Odlotowe Agentki
5%
Gra Petparty
5%
Bajka Pingwiny z Madagaskaru
5%
Gra Pluszaki Rozrabiaki
5%
Muzyk Rihanna
5%
Muzyk Selena Gomez
5%
Serial Słoneczna Sonny
5%
Bajka Spongebob Kanciastoporty
5%
Bajka Super cyfry
5%
Gra Szalony Kurczak
5%
Film Toy Story
5%
Bajka Truskawkowe Ciastko
5%
Strona Tumblr
5%
Bajka Wróżkowie Chrzestni
5%
Youtuber 5 sposobów na
2%
Youtuber Abstrachuje
2%
Jedzenie Andruty
2%
Muzyk Ariana Grande
2%
Piosenka Baby
2%
Strona Blogspot
2%
Piosenka Bombsite A
2%
Jedzenie Cheetos
2%
Bajka Clifford
2%
Gra Crash Bandicoot
2%
Gra Crazy Frog
2%
Jedzenie Delicje
2%
Bajka Dora poznaje świat
2%
Jedzenie Guma kulka
2%
Jedzenie Guma Shock
2%
Bajka Hello Kitty
2%
Serial Hey Jessie
2%
Gra Icy Tower
2%
Youtuber Jj Joker
2%
Jedzenie Jogusie
2%
Youtuber Kaiko
2%
Muzyka Kamil Bednarek
2%
Gra Kangurek Kao
2%
Muzyk Katy Perry
2%
Serial Klan
2%
Piosenka Kokokoko Euro spoko
2%
Książka Komiks Kaczor Donald
2%
Jedzenie Kukułki
2%
Zabawka Lego Bionicle
2%
Bajka Lego Ninjago
2%
Jedzenie Lody bananki
2%
Jedzenie Lody Iza
2%
Gra Mario Bros
2%
Film Merida Waleczna
2%
Serial Nie ma to jak statek
2%
Youtuber Nieprzygotowani
2%
Bajka Noddy
2%
Gra Papa Loui
2%
Bajka Pingu
2%
Gra Purble Place
2%
Jedzenie Raczki
2%
Gra Rayman
2%
Youtuber Red Lipstick Monster
2%
Film Roszpunka
2%
Muzyk Sarsa
2%
Gra Simsy
2%
Aplikacja Skype
2%
Gra Sonic
2%
Jedzenie Świderek
2%
Jedzenie Szyszka
2%
Program Teamspeak
2%
Bajka Ulica sezamkowa
2%
Piosenka Znowu mam bana
2%
Youtuber Adrianna Skon
0%
Gra Alchemia
0%
Bajka Aleks rządzi
0%
Gra Angry Birds
0%
Bajka Autobusy
0%
Bajka Avatar
0%
Program Bandicam
0%
Piosenka Będzie zabawa
0%
Youtuber Beksy
0%
Zabawka Beyblade
0%
Bajka Bob Budowniczy
0%
Muzyk Cleo
0%
Muzyk Czadoman
0%
Film Dzwoneczek
0%
Bajka Fiffi niezapominajka
0%
Jedzenie Flipsy
0%
Jedzenie Grześki
0%
Jedzenie Guma papieros
0%
Strona I sing
0%
Bajka Jimmy Neutron
0%
Piosenka Jutro znowu będzie pomidorowa
0%
Jedzenie Kamyczki
0%
Strona Karaoke party
0%
Jedzenie Korsarze
0%
Gazetka Kudłate maluchy
0%
Zabawka Lalki My Scene
0%
Muzyka Lemon
0%
Serial Leniuchowo
0%
Jedzenie Lizaki gwizdki
0%
Jedzenie Lody Danonek
0%
Jedzenie Lody Inne
0%
Jedzenie Lody malinki
0%
Program Mam talent
0%
Program Mamy cię
0%
Książka Martynka
0%
Gra Miecze i Sandały
0%
Gra Minx i Jinx
0%
Program Must be the music
0%
Serial Nadzdolni
0%
Bajka Nina i Neuronki
0%
Gazetka O koniach
0%
Youtuber Olsikowa
0%
Piosenka Ona tańczy dla mnie
0%
Jedzenie Oranżadka w proszku
0%
Program Postaw na milion
0%
Film Potwory i spółka
0%
Bajka Przyjaciele z Kieszonkowa
0%
Film Ratatoullie
0%
Strona Save from internet
0%
Gra Śnieżny Wyścig
0%
Gazetka Świat Gier
0%
Youtuber Szparagi
0%
Zabawka Tazosy
0%
Bajka Tomek i przyjaviele6
0%
Film Tupot Małych Stóp
0%
Jedzenie Wata cukrowa w kubku
0%
Serial Wiktoria znaczy zwycięstwo
0%
Książka Zaopiekuj się mną
0%
Nie znaleziono quizów pasujących do podanych kryteriów
Rozkład punktacji
Procent ludzi z każdym wynikiem
Percentyl według liczby udzielonych odpowiedzi
Twoja historia wyników
Nie rozwiązałeś tego quizu